[Event "Rainbow Championships"]
[Site "Box Hill"]
[Date "2000.05.02"]
[Round "1.1"]
[White "Rozycki, Edyta"]
[Black "Waller, Tony"]
[Result "1-0"]
[WhiteElo "1979"]
[BlackElo "1945"]
[PlyCount "49"]
[EventDate "2000.??.??"]

1. e4 g6 2. d4 Bg7 3. Nc3 d6 4. f4 Nd7 5. Nf3 Ngf6 6. e5 Ng4 7. Ng5 Nh6 8. Bc4
O-O 9. e6 Nf6 10. exf7+ Kh8 11. Be6 d5 12. O-O Qd6 13. Bxc8 Raxc8 14. Re1 Nxf7
15. Ne6 Rfe8 16. f5 Bh6 17. fxg6 hxg6 18. Qd3 Kh7 19. Bxh6 Nxh6 20. Ng5+ Kg7
21. Re6 Qf4 22. Re5 Qh4 23. g3 Qg4 24. Ne6+ Kh7 25. h3 1-0

[Event "Rainbow Championships"]
[Site "Box Hill"]
[Date "2000.05.23"]
[Round "1.2"]
[White "Raine, Marcus"]
[Black "Beattie, Roger"]
[Result "1-0"]
[WhiteElo "1870"]
[BlackElo "1833"]
[PlyCount "69"]
[EventDate "2000.??.??"]

1. Nf3 Nf6 2. d4 g6 3. e3 Bg7 4. b4 O-O 5. Be2 d6 6. Nbd2 a5 7. b5 c6 8. a4
Nbd7 9. O-O e5 10. c4 Re8 11. bxc6 bxc6 12. Nb3 e4 13. Nfd2 c5 14. Nb1 Ba6 15.
Bd2 cxd4 16. exd4 Qc8 17. Na3 Nb6 18. Nxa5 d5 19. c5 Bxe2 20. Qxe2 Rxa5 21.
Bxa5 Nc4 22. Nxc4 dxc4 23. Qxc4 Nh5 24. Bd2 Qg4 25. a5 Nf4 26. Bxf4 Qxf4 27. a6
e3 28. fxe3 Qxe3+ 29. Kh1 Bxd4 30. Qxf7+ Kh8 31. Rad1 Bg7 32. Rd7 Rg8 33. a7
Qe5 34. c6 Qh5 35. Qxg8+ 1-0

[Event "Rainbow Championships"]
[Site "Box Hill"]
[Date "2000.05.23"]
[Round "1.3"]
[White "Flude, David"]
[Black "Lugo, Ruperto"]
[Result "1-0"]
[WhiteElo "1789"]
[BlackElo "1470"]
[Annotator "David Flude"]
[PlyCount "87"]
[EventDate "2000.??.??"]

1. e4 c5 2. Nf3 Nc6 3. Bb5 g6 4. Bxc6 bxc6 5. O-O Bg7 6. d3 d6 7. h3 Nf6 8. Nc3
O-O 9. Qe1 Ba6 10. b3 Nd7 (10... Nxe4 11. dxe4 Bxf1 12. Kxf1 d5 13. e5 {
is an interesting alternative}) 11. Bd2 Ne5 12. Nxe5 Bxe5 13. Rd1 Bg7 14. Na4
Bb5 15. Nc3 Ba6 16. f4 (16. Ne2 {is even stronger.} 16... d5 17. c4 {The aim is
to fix the pawn weakness on c5. If black plays d4 then white will start a
kingside attack with f4.}) 16... Qd7 17. Kh1 Rab8 18. Ne2 d5 19. c4 e6 20. Nc3
dxe4 21. dxe4 Bd4 22. Na4 Qe7 23. Qg3 Rfd8 24. Ba5 Rd7 25. Rde1 Bf6 {In an infe
rior position black plays a one mover. It does no harm and white might miss it.
} 26. Qf3 Bd4 27. f5 exf5 28. exf5 Qf6 29. fxg6 Qxf3 (29... Qxg6 {
gives white a pleasant choice.} 30. Re4 {playing for a kingsise attack.} (30.
Qf5 {playing for a much better ending.})) 30. gxh7+ Kxh7 31. Rxf3 Rbb7 32. Ref1
Re7 33. Rf5 Kg8 34. Nxc5 Bxc5 35. Rxc5 Re6 36. Rcf5 Rbe7 37. Bb4 Rd7 38. R5f4
Bb7 39. Rg4+ Kh7 (39... Rg6 {White has to avoid swapping off both pairs of
rooks and reaching an opposite coloured bishops ending.}) 40. Bc3 Rg6 41. Rgf4
Kg8 42. Re1 c5 {a final error but there are no good defences left.} ({
A typical winning line is} 42... Kh7 43. Re8 Kh6 44. Rh4+ Kg5 45. Rg4+ Kh5 46.
Re5+ Kh6 47. Rh4+ Kg7 48. Re7+) 43. Re8+ Kh7 44. Rh8# 1-0

[Event "Rainbow Championships"]
[Site "Box Hill"]
[Date "2000.05.02"]
[Round "1.4"]
[White "Jenkins, Keith"]
[Black "Lawson, Shane"]
[Result "1-0"]
[WhiteElo "1680"]
[BlackElo "1689"]
[PlyCount "81"]
[EventDate "2000.??.??"]

1. d4 Nf6 2. c4 c5 3. d5 b5 4. cxb5 a6 5. e3 g6 6. Nc3 d6 7. Nf3 Nbd7 8. bxa6
Bxa6 9. Bxa6 Rxa6 10. O-O Bg7 11. e4 O-O 12. Qe2 Qa8 13. e5 Ng4 14. e6 Nb6 15.
exf7+ Kh8 16. Ng5 Ne5 17. Ne6 Rc8 18. f4 Nxf7 19. Nxg7 Kxg7 20. Bd2 Rb8 21. a4
Nxa4 22. Nxa4 Rxa4 23. Rxa4 Qxa4 24. Bc3+ Kf8 25. f5 g5 26. f6 Qd7 27. fxe7+
Qxe7 28. Qe6 Ke8 29. Rxf7 Qxe6 30. dxe6 d5 31. Rxh7 Rb6 32. Rh8+ Ke7 33. Rh7+
Ke8 34. e7 d4 35. Ba5 Rxb2 36. Bd8 Re2 37. Kf1 Re5 38. Rh8+ Kf7 39. e8=Q+ Rxe8
40. Rxe8 Kxe8 41. Bxg5 1-0

[Event "Rainbow Championships"]
[Site "Box Hill"]
[Date "2000.05.28"]
[Round "1.5"]
[White "Comopoulos, George"]
[Black "Lee, Michelle"]
[Result "0-1"]
[WhiteElo "1600"]
[BlackElo "1495"]
[PlyCount "78"]
[EventDate "2000.??.??"]

1. e4 c5 2. Nf3 Nc6 3. d4 cxd4 4. Nxd4 g6 5. Be3 Bg7 6. Be2 Nf6 7. Nc3 O-O 8.
O-O d6 9. Nb3 Be6 10. f4 Na5 11. Nxa5 Qxa5 12. Bf3 Rac8 13. Qd2 Rc4 14. Nd5
Qxd2 15. Nxe7+ Kh8 16. Bxd2 Nxe4 17. Bxe4 Rxe4 18. f5 Bc4 19. f6 Bxf1 20. fxg7+
Kxg7 21. Bc3+ f6 22. Nd5 Bc4 23. Nb4 Rfe8 24. Rd1 R8e6 25. b3 Be2 26. Re1 Kf7
27. Nd5 Bd3 28. Rxe4 Bxe4 29. Nc7 Re7 30. Nb5 Bxc2 31. Nxd6+ Kg7 32. Nb5 Bd3
33. Nd4 Bb1 34. a3 Re3 35. Bb4 Rd3 36. Ne6+ Kf7 37. Nc5 Rd1+ 38. Kf2 b6 39. Ne4
Bxe4 0-1

[Event "Rainbow Championships"]
[Site "Box Hill"]
[Date "2000.05.02"]
[Round "1.6"]
[White "Sucevic, Milic"]
[Black "Stanning, Trevor"]
[Result "1/2-1/2"]
[WhiteElo "1682"]
[BlackElo "1581"]
[PlyCount "72"]
[EventDate "2000.??.??"]

1. f4 d6 2. Nf3 Nc6 3. e4 e5 4. d3 g6 5. fxe5 dxe5 6. Nc3 Bg7 7. Be2 Nge7 8.
Be3 O-O 9. Qd2 f5 10. g3 Nd4 11. O-O-O c6 12. h4 Qc7 13. h5 fxe4 14. Ng5 Nxe2+
15. Qxe2 exd3 16. cxd3 Nf5 17. Bf2 h6 18. Nge4 g5 19. Bc5 Nd4 20. Qg2 Be6 21.
Bxf8 Rxf8 22. Rdf1 Nf5 23. Rf2 Rd8 24. Rf3 g4 25. Rxf5 Bxf5 26. Rf1 Qc8 27. Kc2
b6 28. Qe2 Qe6 29. b3 Kh8 30. Nd1 Bf6 31. Ne3 Bxe4 32. dxe4 Bg5 33. Qxg4 Qd6
34. Rd1 Qc5+ 35. Nc4 Qf2+ 36. Kb1 Rxd1+ 1/2-1/2

[Event "Rainbow Championships"]
[Site "Box Hill"]
[Date "2000.05.23"]
[Round "1.7"]
[White "Neymanis, Eric"]
[Black "Goudy, Arthur"]
[Result "0-1"]
[WhiteElo "1499"]
[BlackElo "1355"]
[PlyCount "84"]
[EventDate "2000.??.??"]

1. d4 Nf6 2. c4 c5 3. d5 b5 4. cxb5 a6 5. bxa6 Bxa6 6. Nc3 g6 7. g3 d6 8. Bg2
Bg7 9. Qc2 O-O 10. Nf3 Nbd7 11. O-O Qb6 12. Re1 Rfb8 13. e4 Ng4 14. h3 Nge5 15.
Nxe5 Nxe5 16. Re3 Nc4 17. Re1 Ne5 18. Rd1 Bc4 19. f4 Nd7 20. Rb1 Bxa2 21. Nxa2
Rxa2 22. Qc4 Qb3 23. Qxb3 Rxb3 24. Kh2 Nb6 25. Bf1 Rb4 26. Re1 Bxb2 27. Re2 Na4
28. Bxb2 Rbxb2 29. Rbxb2 Rxb2 30. Rxb2 Nxb2 31. e5 Nd1 32. Bd3 Ne3 33. Be4 c4
34. g4 c3 35. exd6 exd6 36. f5 c2 37. Bxc2 Nxc2 38. Kg3 Ne3 39. fxg6 hxg6 40.
Kf4 Nxd5+ 41. Ke4 Nf6+ 42. Kd4 g5 0-1

[Event "Rainbow Championships"]
[Site "Box Hill"]
[Date "2000.05.02"]
[Round "1.8"]
[White "Hartland, Gerrit"]
[Black "Gunawan, Andy"]
[Result "1-0"]
[WhiteElo "1572"]
[BlackElo "1472"]
[PlyCount "71"]
[EventDate "2000.??.??"]

1. e4 c5 2. Nf3 Nc6 3. d4 cxd4 4. c3 dxc3 5. Nxc3 d6 6. Bc4 Nf6 7. O-O g6 8.
Qb3 e6 9. Bg5 Na5 10. Bb5+ Nc6 11. Rad1 Be7 12. e5 Nd7 13. Bxe7 Nxe7 14. Ne4 d5
15. Nf6+ Kf8 16. Qb4 Qb6 17. Qf4 Nxf6 18. Qxf6 Rg8 19. Ng5 Rg7 20. Bd3 Bd7 21.
Rc1 Nc6 22. a4 Qxb2 23. Rxc6 Bxc6 24. Nxe6+ Ke8 25. Nxg7+ Kd7 26. Qxf7+ Kc8 27.
Qf8+ Kd7 28. Qxa8 Qxe5 29. Qf8 Bxa4 30. Qf7+ Kc6 31. Rc1+ Kb6 32. Rb1+ Kc5 33.
Bf1 Bc2 34. Qf8+ Kc6 35. Qc8+ Kd6 36. Qb8+ 1-0

[Event "Rainbow Championships"]
[Site "Box Hill"]
[Date "2000.05.02"]
[Round "1.9"]
[White "Symington, John"]
[Black "Sucevic, Andrew"]
[Result "0-1"]
[WhiteElo "1403"]
[BlackElo "1415"]
[PlyCount "166"]
[EventDate "2000.??.??"]

1. e4 e6 2. Nf3 d5 3. e5 c5 4. a3 Qb6 5. d4 Nc6 6. c3 Bd7 7. Be2 cxd4 8. cxd4
f6 9. O-O Rc8 10. b4 a5 11. b5 Na7 12. a4 Bb4 13. Ba3 Bxa3 14. Rxa3 Qd8 15. Qd2
b6 16. Rc1 Rxc1+ 17. Qxc1 Nh6 18. exf6 Qxf6 19. Qc7 Nc8 20. Ne5 Qd8 21. Rc3 Ne7
22. Nxd7 Qxd7 23. Qxb6 O-O 24. Rc7 Qd8 25. Qb7 Rf7 26. Rd7 Qf8 27. f3 Nhf5 28.
Qc7 Ng6 29. Rxf7 Qxf7 30. Qxf7+ Kxf7 31. b6 Nxd4 32. b7 Nc6 33. Bb5 Nb8 34. Nd2
Ke7 35. Nb3 Kd6 36. Nxa5 Kc7 37. Nc6 Nxc6 38. Bxc6 Ne7 39. Bd7 e5 40. Kf2 Kxb7
41. Ke3 g5 42. g3 Kc7 43. Be8 Nf5+ 44. Kd3 Nd6 45. Bh5 Kb6 46. Kc3 Ka5 47. Kb3
Nb7 48. Be8 Nc5+ 49. Ka3 Nd3 50. Bc6 d4 51. Be4 Ne1 52. h4 h6 53. Kb3 d3 54.
Kc3 Kxa4 55. Bxd3 Nxf3 56. h5 Ka5 57. Kc4 Kb6 58. Kd5 Kc7 59. Be4 Nd2 60. Kxe5
Kd7 61. Bg6 Ke7 62. g4 Nf3+ 63. Kf5 Nd4+ 64. Ke4 Ne6 65. Ke5 Nf4 66. Bf5 Kf7
67. Kd6 Kf6 68. Kd7 Nxh5 69. gxh5 Kxf5 70. Ke7 g4 71. Kf7 g3 72. Kg7 g2 73.
Kxh6 g1=Q 74. Kh7 Qa7+ 75. Kh6 Qa6+ 76. Kg7 Qf6+ 77. Kg8 Kg5 78. h6 Qg6+ 79.
Kh8 Qxh6+ 80. Kg8 Kf5 81. Kf7 Qh7+ 82. Ke8 Ke6 83. Kd8 Qd7# 0-1

[Event "Rainbow Championships"]
[Site "Box Hill"]
[Date "2000.05.02"]
[Round "1.10"]
[White "O'Connor, Phillip"]
[Black "Andrews, Paul"]
[Result "1-0"]
[WhiteElo "1427"]
[BlackElo "1207"]
[PlyCount "67"]
[EventDate "2000.??.??"]

1. d4 d6 2. Nf3 Nf6 3. h3 g6 4. c4 Bg7 5. Nc3 O-O 6. e4 c5 7. Be3 cxd4 8. Bxd4
Nbd7 9. Be2 b6 10. O-O Bb7 11. Qc2 Qc8 12. Rad1 Bc6 13. Rfe1 Qb7 14. Nd2 e6 15.
Bf3 d5 16. e5 Ne8 17. cxd5 Bxd5 18. Nxd5 exd5 19. Nb3 Nc7 20. Qe2 Rfe8 21. Qd2
Rad8 22. e6 fxe6 23. Bg4 Nf6 24. Bf3 Nb5 25. Be5 Ne4 26. Bxe4 Bxe5 27. Bxg6
hxg6 28. Rxe5 Nd6 29. Qg5 Nf7 30. Qxg6+ Kf8 31. Rxe6 Qc7 32. Rxe8+ Rxe8 33. Nd4
Qf4 34. Ne6+ 1-0

[Event "Rainbow Championships"]
[Site "Box Hill"]
[Date "2000.05.09"]
[Round "2.1"]
[White "Raine, Marcus"]
[Black "Rozycki, Edyta"]
[Result "1-0"]
[WhiteElo "1870"]
[BlackElo "1979"]
[PlyCount "110"]
[EventDate "2000.??.??"]

1. Nf3 d5 2. d4 e6 3. c4 f5 4. g3 Nf6 5. Bg2 c6 6. O-O Bd6 7. a4 a5 8. b3 O-O
9. Ba3 Ne4 10. Bxd6 Qxd6 11. Ne5 Nd7 12. f3 Nef6 13. f4 Ne4 14. Bxe4 fxe4 15.
Nd2 Qe7 16. Qc2 Rf6 17. e3 Rh6 18. Rfb1 Nf6 19. Nf1 Bd7 20. c5 Be8 21. b4 Bh5
22. bxa5 Rxa5 23. Qb2 Ng4 24. Nxg4 Bxg4 25. Qxb7 Qxb7 26. Rxb7 Be2 27. Nd2 Rf6
28. Rb6 Bb5 29. Nb3 Rxa4 30. Rxa4 Bxa4 31. Na5 Rf8 32. Nxc6 Bxc6 33. Rxc6 Kf7
34. Rc7+ Kf6 35. Ra7 Rb8 36. Ra2 Rb1+ 37. Kf2 Rh1 38. Kg2 Rc1 39. g4 h6 40. h4
g6 41. Ra8 Rc2+ 42. Kg3 Rc3 43. g5+ hxg5 44. fxg5+ Ke7 45. Kf4 Rb3 46. Ra7+ Kf8
47. c6 Ke8 48. Ke5 Rb6 49. Kd6 e5 50. Re7+ Kd8 51. Rxe5 Ra6 52. Rxd5 Ra7 53.
Re5 Rd7+ 54. Kc5 Ra7 55. Kb6 Ra1 1-0

[Event "Rainbow Championships"]
[Site "Box Hill"]
[Date "2000.05.09"]
[Round "2.2"]
[White "Beattie, Roger"]
[Black "Waller, Tony"]
[Result "1/2-1/2"]
[WhiteElo "1833"]
[BlackElo "1945"]
[PlyCount "39"]
[EventDate "2000.??.??"]

1. d4 Nf6 2. e3 d5 3. Bd3 c5 4. c3 Nc6 5. f4 e6 6. Nd2 Be7 7. Ngf3 O-O 8. O-O
Bd7 9. Ne5 Rc8 10. Rf3 a6 11. Rh3 h6 12. g4 Nxe5 13. fxe5 Nh7 14. Bxh7+ Kxh7
15. Nf3 f6 16. Qc2+ Kg8 17. Rxh6 gxh6 18. Qg6+ Kh8 19. Qxh6+ Kg8 20. Qg6+
1/2-1/2

[Event "Rainbow Championships"]
[Site "Box Hill"]
[Date "2000.05.09"]
[Round "2.3"]
[White "Jenkins, Keith"]
[Black "Flude, David"]
[Result "0-1"]
[WhiteElo "1680"]
[BlackElo "1789"]
[PlyCount "90"]
[EventDate "2000.??.??"]

1. d4 Nf6 2. c4 c5 3. d5 e5 4. Nc3 d6 5. e4 g6 6. Be2 Bg7 7. h4 h5 8. Nf3 Bg4
9. Ng5 Bxe2 10. Qxe2 Nbd7 11. O-O a6 12. f4 exf4 13. Bxf4 Qe7 14. Rae1 Ne5 15.
Bxe5 dxe5 16. a3 Qd6 17. Rf3 O-O 18. Ref1 Qe7 19. R1f2 Rad8 20. Qf1 Rd6 21. b4
b6 22. bxc5 bxc5 23. Na4 Rb8 24. Qa1 Bh6 25. Rf1 Bxg5 26. hxg5 Ng4 27. Nxc5
Rdb6 28. Nd3 Rb3 29. Rxf7 Qxg5 30. R7f3 Qh4 31. Rh3 Qe7 32. c5 Rxd3 33. d6 Rxd6
34. cxd6 Qxd6 35. Qc3 Qb6+ 36. Kh1 Nf2+ 37. Kh2 Nxh3 38. Qxe5 Qb3 39. Rf3 Qb5
40. Qe6+ Kh7 41. Kxh3 Rg8 42. Qf7+ Rg7 43. Qd5 Qxd5 44. exd5 Rd7 45. Rd3 Kg7 {
The game continued to move 56} 0-1

[Event "Rainbow Championships"]
[Site "Box Hill"]
[Date "2000.05.09"]
[Round "2.4"]
[White "Lawson, Shane"]
[Black "Lugo, Ruperto"]
[Result "1-0"]
[WhiteElo "1689"]
[BlackElo "1470"]
[PlyCount "73"]
[EventDate "2000.??.??"]

1. e4 c5 2. Nc3 Nc6 3. Nge2 Nf6 4. d4 cxd4 5. Nxd4 g6 6. Be3 Bg7 7. Bc4 O-O 8.
Bb3 Ng4 9. Qxg4 Nxd4 10. Qd1 Nxb3 11. axb3 a6 12. Qd2 d6 13. Bh6 b6 14. h4 Bb7
15. h5 Qd7 16. Bxg7 Kxg7 17. hxg6 fxg6 18. Qh6+ Kf6 19. Qh4+ Kg7 20. Qxh7+ Kf6
21. Rh3 Qg4 22. Rf3+ Ke6 23. Rg3 Qf4 24. Qxg6+ Rf6 25. Qg4+ Qxg4 26. Rxg4 Rh6
27. Ke2 Rc8 28. Re1 Bc6 29. Kd3 b5 30. Nd5 Rf6 31. Nxf6 Kxf6 32. Rh1 Bd7 33.
Rh6+ Kf7 34. Rh7+ Kf8 35. Rgg7 d5 36. Rxe7 dxe4+ 37. Kd2 1-0

[Event "Rainbow Championships"]
[Site "Box Hill"]
[Date "2000.05.09"]
[Round "2.5"]
[White "Sucevic, Milic"]
[Black "Comopoulos, George"]
[Result "0-1"]
[WhiteElo "1682"]
[BlackElo "1600"]
[PlyCount "80"]
[EventDate "2000.??.??"]

1. e4 e6 2. d4 d5 3. exd5 exd5 4. Bd3 Bd6 5. Be3 Nc6 6. c3 Nf6 7. h3 O-O 8. Qc2
Re8 9. Ne2 Bd7 10. Nd2 h6 11. O-O-O a5 12. g4 g5 13. Nf1 Ne4 14. Bxe4 dxe4 15.
Nfg3 Qe7 16. a3 b5 17. d5 Na7 18. Nd4 b4 19. Ngf5 Bxf5 20. Nxf5 Qf6 21. axb4
axb4 22. c4 Nc8 23. c5 Be5 24. Qb3 Ne7 25. Nxe7+ Qxe7 26. Kc2 Qf6 27. Ra1 Bd4
28. Rxa8 Rxa8 29. Qxb4 Bxe3 30. fxe3 Qf2+ 31. Qd2 Qf3 32. Rh2 Qf6 33. Rf2 Qa6
34. Qd4 Qb5 35. Rf5 Ra4 36. Qd2 Qxc5+ 37. Kb1 Qc4 38. Qd1 Qa2+ 39. Kc2 Rc4+ 40.
Kd2 Qxb2+ 0-1

[Event "Rainbow Championships"]
[Site "Box Hill"]
[Date "2000.05.09"]
[Round "2.6"]
[White "Stanning, Trevor"]
[Black "Lee, Michelle"]
[Result "1-0"]
[WhiteElo "1581"]
[BlackElo "1495"]
[PlyCount "139"]
[EventDate "2000.??.??"]

1. e4 c5 2. Nf3 Nc6 3. Bd3 g6 4. c3 Bg7 5. Bc2 d6 6. O-O Nf6 7. h3 O-O 8. d4 e6
9. Re1 Re8 10. Nbd2 b6 11. Nf1 Ba6 12. g4 Qc7 13. Bg5 Nd7 14. Rc1 f6 15. Bh4
Bh6 16. Ne3 d5 17. exd5 exd5 18. Nxd5 Qd6 19. Ne3 cxd4 20. cxd4 Nb4 21. Bb1 Nd5
22. Qb3 Bb7 23. g5 fxg5 24. Bxg5 Bxg5 25. Nxg5 Kg7 26. Ne4 Qe6 27. Ng4 Nf4 28.
Qxe6 Rxe6 29. Rc7 Bc6 30. Ne5 Nd5 31. Rxc6 Nxe5 32. Rxe6 Nf3+ 33. Kf1 Nxe1 34.
Kxe1 Rc8 35. Nc3 Nxc3 36. bxc3 Rxc3 37. Kd2 Rxh3 38. d5 Rh5 39. Be4 Kf7 40. Bf3
Rf5 41. Re3 h5 42. d6 Rf6 43. Bd5+ Kf8 44. Rf3 Rxf3 45. Bxf3 Ke8 46. Be4 Kd7
47. Bxg6 h4 48. Ke3 Kxd6 49. Kf3 a5 50. Kg4 b5 51. Kxh4 b4 52. Bc2 Kc5 53. f4
Kd5 54. Kg5 Ke6 55. Kg6 Ke7 56. Bb3 Kf8 57. f5 Ke8 58. Kg7 Ke7 59. f6+ Kd6 60.
f7 Ke5 61. f8=Q Ke4 62. Qa8+ Ke5 63. Qxa5+ Kd4 64. Qxb4+ Ke5 65. a4 Kf5 66. a5
Ke5 67. a6 Kf5 68. a7 Ke5 69. a8=R Kf5 70. Ra5# 1-0

[Event "Rainbow Championships"]
[Site "Box Hill"]
[Date "2000.05.09"]
[Round "2.7"]
[White "Hartland, Gerrit"]
[Black "Neymanis, Eric"]
[Result "1/2-1/2"]
[WhiteElo "1572"]
[BlackElo "1499"]
[PlyCount "72"]
[EventDate "2000.??.??"]

1. e4 e6 2. d4 c6 3. Nf3 d6 4. c4 Nd7 5. Nc3 Be7 6. Bd3 e5 7. dxe5 dxe5 8. O-O
Ngf6 9. Be3 b6 10. Qc2 Qc7 11. Rfe1 Nc5 12. Bxc5 Bxc5 13. Rad1 Ng4 14. Rd2 O-O
15. h3 Nf6 16. Na4 Bb4 17. Nc3 h6 18. a3 Be7 19. Be2 Nh5 20. Nh2 Nf4 21. Bg4
Bg5 22. Rdd1 Bxg4 23. hxg4 Be7 24. Ne2 Ne6 25. Nf3 a5 26. Rd2 Rfd8 27. Red1
Rxd2 28. Rxd2 Ng5 29. Nxg5 Bxg5 30. Rd3 Qc8 31. f3 Be7 32. Ng3 Bc5+ 33. Kf1 Qe6
34. Nf5 Kh7 35. Qc1 Qf6 36. Qd2 Kg8 1/2-1/2

[Event "Rainbow Championships"]
[Site "Box Hill"]
[Date "2000.05.09"]
[Round "2.8"]
[White "Gunawan, Andy"]
[Black "Goudy, Arthur"]
[Result "1-0"]
[WhiteElo "1472"]
[BlackElo "1355"]
[PlyCount "63"]
[EventDate "2000.??.??"]

1. d4 Nf6 2. c4 g6 3. Nc3 d5 4. Bg5 c6 5. e3 Nbd7 6. Nf3 Bg7 7. Be2 h6 8. Bh4
g5 9. Bg3 Nh5 10. Be5 f6 11. Nxg5 hxg5 12. Bxh5+ Kf8 13. Bg3 dxc4 14. O-O Nb6
15. f4 gxf4 16. Bxf4 Nd5 17. Qe2 b5 18. Bg3 Nxc3 19. bxc3 Qd5 20. Bf3 Qe6 21.
a4 Rb8 22. Bxb8 a6 23. e4 Bd7 24. e5 f5 25. axb5 cxb5 26. Be4 Qh6 27. e6 Bxe6
28. Bxf5 Bf7 29. Qe4 Kg8 30. Bf4 Qf6 31. Qa8+ Bf8 32. Be5 1-0

[Event "Rainbow Championships"]
[Site "Box Hill"]
[Date "2000.05.09"]
[Round "2.9"]
[White "O'Connor, Phillip"]
[Black "Symington, John"]
[Result "1-0"]
[WhiteElo "1427"]
[BlackElo "1403"]
[PlyCount "93"]
[EventDate "2000.??.??"]

1. d4 Nf6 2. Nf3 g6 3. c4 Bg7 4. Nc3 d6 5. e4 Nbd7 6. Be3 c6 7. Nd2 Qb6 8. Rb1
c5 9. Na4 Qb4 10. a3 Qa5 11. dxc5 dxc5 12. Bd3 Ng4 13. Bf4 Nge5 14. Be2 O-O 15.
O-O Nc6 16. Nf3 Nd4 17. Nxd4 Bxd4 18. Bd2 Qc7 19. Nc3 Nf6 20. Nb5 Qe5 21. Nxd4
Qxd4 22. Re1 Nxe4 23. Be3 Qxd1 24. Rbxd1 b6 25. Bf3 Nd6 26. Bxa8 Nxc4 27. Bc1
e6 28. b3 Na5 29. Re3 c4 30. b4 Nb3 31. Bb2 a5 32. Bc6 Ba6 33. Rd7 Rc8 34. Bb7
Bxb7 35. Rxb7 axb4 36. axb4 Rd8 37. Bc3 Nd2 38. Bxd2 Rxd2 39. Kf1 Rc2 40. Rxb6
Kf8 41. Rc6 Ke7 42. Re4 c3 43. g3 Kd7 44. Rec4 Rb2 45. Rxc3 Rxb4 46. Rc7+ Kd6
47. Rxf7 1-0

[Event "Rainbow Championships"]
[Site "Box Hill"]
[Date "2000.05.09"]
[Round "2.10"]
[White "Andrews, Paul"]
[Black "Sucevic, Andrew"]
[Result "1/2-1/2"]
[WhiteElo "1207"]
[BlackElo "1415"]
[PlyCount "64"]
[EventDate "2000.??.??"]

1. d4 d5 2. c4 c6 3. Nc3 Nf6 4. Nf3 Bf5 5. e3 e6 6. cxd5 exd5 7. Be2 Bd6 8. O-O
O-O 9. Nh4 Bg6 10. Nxg6 fxg6 11. Qc2 Nbd7 12. f3 Qc7 13. f4 Rae8 14. Bd2 Kh8
15. Rae1 Ng8 16. g3 Nh6 17. Bf3 Nf5 18. Qd3 Nf6 19. e4 dxe4 20. Nxe4 Nxe4 21.
Bxe4 Qb6 22. Bc3 c5 23. Bxf5 gxf5 24. Kg2 Rxe1 25. Rxe1 cxd4 26. Bxd4 Qc6+ 27.
Kh3 Bc5 28. Rc1 Qh6+ 29. Kg2 Qc6+ 30. Kh3 Qh6+ 31. Kg2 Qc6+ 32. Kh3 Qh6+
1/2-1/2

[Event "Rainbow Championships"]
[Site "Box Hill"]
[Date "2000.05.09"]
[Round "2.15"]
[White "Hickman, Casey"]
[Black "Van Dijk, Marieke"]
[Result "1-0"]
[WhiteElo "641"]
[BlackElo "944"]
[PlyCount "67"]
[EventDate "2000.??.??"]

1. e4 e6 2. d4 c6 3. Nc3 Ne7 4. Nf3 d6 5. Be2 b5 6. a3 Bb7 7. Bd2 Na6 8. O-O
Nc7 9. Ne1 Ng6 10. f4 Ne7 11. b4 g6 12. a4 Bg7 13. e5 Nf5 14. Bd3 Nxd4 15. exd6
Qxd6 16. Be3 Nf5 17. Ne4 Qxb4 18. Bc5 Qa5 19. Ra2 Na6 20. axb5 Qxa2 21. bxa6
Bxa6 22. Bxa6 Qxa6 23. g4 Ne7 24. g5 O-O 25. Bxe7 Rfe8 26. Qd7 Qa4 27. Nd6 Reb8
28. Rf3 Bd4+ 29. Kg2 Qb4 30. Rd3 c5 31. Rd2 Be3 32. Re2 Bxf4 33. Bf6 Qxe1 34.
Qxf7# 1-0

[Event "Rainbow Championships"]
[Site "Box Hill"]
[Date "2000.05.16"]
[Round "3.1"]
[White "Rozycki, Edyta"]
[Black "Beattie, Roger"]
[Result "1-0"]
[WhiteElo "1979"]
[BlackElo "1833"]
[PlyCount "55"]
[EventDate "2000.??.??"]

1. e4 e6 2. d4 d5 3. Nc3 dxe4 4. Nxe4 Nd7 5. Nf3 Be7 6. Bd3 Ngf6 7. Nxf6+ gxf6
8. Bf4 c6 9. Qd2 Nf8 10. O-O-O Ng6 11. Rhe1 Nxf4 12. Qxf4 Qa5 13. Bc4 Qb4 14.
Bb3 a5 15. c3 Qb5 16. d5 a4 17. Bc4 Qc5 18. dxe6 fxe6 19. Bxe6 a3 20. Bxc8
axb2+ 21. Kb1 Rxc8 22. Qxf6 Rf8 23. Qg7 Qf5+ 24. Kxb2 Rc7 25. Qd4 Rf6 26. Qd8+
Kf7 27. Qxc7 Qb5+ 28. Ka1 1-0

[Event "Rainbow Championships"]
[Site "Box Hill"]
[Date "2000.05.16"]
[Round "3.2"]
[White "Waller, Tony"]
[Black "Raine, Marcus"]
[Result "1/2-1/2"]
[WhiteElo "1945"]
[BlackElo "1870"]
[PlyCount "87"]
[EventDate "2000.??.??"]

1. g3 Nf6 2. Bg2 g6 3. e4 d6 4. d4 Bg7 5. Ne2 O-O 6. O-O c6 7. Nbc3 Qc7 8. a4
a5 9. b3 Na6 10. h3 Rd8 11. Be3 Bd7 12. Qd2 Be8 13. f4 e5 14. f5 gxf5 15. Rxf5
d5 16. exd5 Nxd5 17. Nxd5 cxd5 18. Rc1 f6 19. dxe5 d4 20. Bh6 Bxh6 21. Qxh6 Bg6
22. Rxf6 Qxe5 23. Rf2 Nb4 24. Qf4 Qc5 25. Qf6 Rd6 26. Qf3 Re8 27. Nf4 Rf8 28.
Qxb7 d3 29. c4 d2 30. Rd1 Rxf4 31. gxf4 Nd3 32. Qa8+ Kg7 33. Qb7+ Kh6 34. Qf3
Qxf2+ 35. Qxf2 Nxf2 36. Kxf2 Bc2 37. Ke2 Bxd1+ 38. Kxd1 Kh5 39. Bd5 Kh4 40.
Kxd2 Kxh3 41. Ke3 Kg4 42. Bf3+ Kf5 43. Be4+ Kg4 44. Bd5 1/2-1/2

[Event "Rainbow Championships"]
[Site "Box Hill"]
[Date "2000.05.16"]
[Round "3.3"]
[White "Flude, David"]
[Black "Lawson, Shane"]
[Result "1/2-1/2"]
[WhiteElo "1789"]
[BlackElo "1689"]
[PlyCount "110"]
[EventDate "2000.??.??"]

1. e4 c5 2. Nf3 Nc6 3. Bb5 g6 4. Bxc6 dxc6 5. O-O Bg7 6. d3 Nf6 7. Be3 b6 8. h3
Ba6 9. Nbd2 Qc7 10. a4 O-O 11. a5 Rfd8 12. b3 Nd7 13. axb6 axb6 14. Rb1 Nf8 15.
Qc1 Ne6 16. Re1 Bb5 17. Nc4 Ba6 18. Ng5 Nxg5 19. Bxg5 Bd4 20. Bf4 Qb7 21. Rd1
Bg7 22. Ne3 Rd7 23. Bg3 Rad8 24. Re1 h5 25. e5 e6 26. Nc4 Bxc4 27. bxc4 Ra8 28.
Qb2 Ra6 29. Ra1 Rd8 30. Rxa6 Qxa6 31. Ra1 Qb7 32. Rb1 Rb8 33. f4 Qe7 34. Bf2
Bf8 35. Qa3 Rb7 36. Qa4 Qc7 37. Qb3 Be7 38. Qa4 Ra7 39. Qb3 Rb7 40. Qa2 Ra7 41.
Qb2 Rb7 42. Qc1 Bf8 43. Qe1 Bg7 44. g4 hxg4 45. hxg4 Qe7 46. Qe3 Qd7 47. Ra1
Qc8 48. Bh4 b5 49. cxb5 Rxb5 50. Qe4 Qb7 51. Qe1 Rb4 52. Qc1 Kh7 53. Be1 Rb5
54. Kf2 f6 55. Bc3 f5 1/2-1/2

[Event "Rainbow Championships"]
[Site "Box Hill"]
[Date "2000.05.16"]
[Round "3.4"]
[White "Lugo, Ruperto"]
[Black "Jenkins, Keith"]
[Result "1-0"]
[WhiteElo "1470"]
[BlackElo "1680"]
[PlyCount "106"]
[EventDate "2000.??.??"]

1. d4 d5 2. c4 e6 3. cxd5 exd5 4. Nc3 Nf6 5. Bg5 c6 6. h3 Be7 7. Nf3 h6 8. Bf4
O-O 9. e3 Bf5 10. Bd3 Bxd3 11. Qxd3 Re8 12. O-O Na6 13. a3 Nc7 14. b4 a6 15.
Rab1 Nb5 16. a4 Nxc3 17. Qxc3 Ne4 18. Qd3 g5 19. Bh2 Bd6 20. Bxd6 Qxd6 21. b5
axb5 22. axb5 Ra3 23. Qc2 Nc3 24. Rb3 Rxb3 25. Qxb3 Nxb5 26. Qd3 Ra8 27. Qf5
Qe6 28. Qb1 Kg7 29. Rc1 Qe4 30. Qxe4 dxe4 31. Nd2 f5 32. g4 Ra2 33. Nc4 f4 34.
Kf1 fxe3 35. fxe3 Rh2 36. Kg1 Rxh3 37. Kg2 Rh4 38. Kg3 h5 39. gxh5 Kh6 40. Rf1
Kxh5 41. Rf7 Rg4+ 42. Kf2 Rh4 43. Kg3 Kh6 44. Rxb7 Rh1 45. Kg2 Ra1 46. Rb6 Ra2+
47. Kg3 Na7 48. d5 Rc2 49. Ne5 Kh5 50. Nxc6 Nxc6 51. Rxc6 Rd2 52. Rd6 g4 53.
Rd8 Kg5 1-0

[Event "Rainbow Championships"]
[Site "Box Hill"]
[Date "2000.05.16"]
[Round "3.5"]
[White "Comopoulos, George"]
[Black "Stanning, Trevor"]
[Result "1-0"]
[WhiteElo "1600"]
[BlackElo "1581"]
[PlyCount "45"]
[EventDate "2000.??.??"]

1. e4 d5 2. exd5 Nf6 3. d4 g6 4. Nf3 Bg7 5. Be2 Nxd5 6. c4 Nb6 7. O-O O-O 8.
Nc3 Nc6 9. Be3 Bg4 10. d5 Bxf3 11. Bxf3 Na5 12. Bxb6 cxb6 13. Qd3 Rc8 14. b3 e5
15. Rac1 f5 16. Be2 a6 17. Na4 Qd6 18. Rc2 Qb4 19. Qc3 Qxc3 20. Rxc3 Rf6 21. b4
b5 22. cxb5 Rxc3 23. Nxc3 1-0